| 000 | 00699nam a2200229 a 4500 | ||
|---|---|---|---|
| 001 | 4330 | ||
| 003 | CDMR | ||
| 005 | 20131212095331.0 | ||
| 008 | 130130s2000||||sp |||||||||||||||||spa|d | ||
| 020 | _a8449309468 | ||
| 040 |
_aCDMR _bcat _cCDMR |
||
| 100 | 1 |
_93787 _aO'Donell, James |
|
| 245 | 1 | 0 |
_aAvatares de la palabra _b: del papiro al ciberespacio _cJames O'Donell |
| 260 |
_aBarcelona _bPaidós _cDL 2000 |
||
| 300 | _a199 p. | ||
| 490 | 0 |
_aPaidós Comunicación _v123 |
|
| 650 | 0 | 4 |
_92716 _aComunicació i tecnologia |
| 650 | 0 | 4 |
_94423 _aTecnologia i civilització |
| 650 | 0 | 4 |
_93508 _aTecnologia de la informació _xAspectes socials |
| 650 | 0 | 4 |
_9637 _aComunicació _xEnsenyament |
| 942 |
_cMON _2udc |
||
| 999 |
_c4330 _d4330 |
||